000 01136cam a2200253 i 4500
003 SA-RiAUC
005 20250901082102.0
008 250830s1985 ua g 000 p ara c
040 _aQA-DoQUL
_bara
_cSA-RiAUC
_erda
082 0 4 _a811.062
_qSA-RiAUC
090 _a811.062
_bا م ا
100 1 _aالإمام الشافعي، محمد بن إدريس بن العباس،
_d150-204 هجري
_eمؤلف.
245 1 0 _aديوان الشافعي :
_bحبر الأمة وإمام الأئمة /
_cأبو عبد الله محمد بن إدريس بن العباس الشافعي ؛ تحقيق محمد عبد المنعم خفاجي.
250 _aالطبعة الثانية.
264 1 _aالقاهرة :
_bمكتبة الكليات الأزهرية،
_c1985
300 _a127 صفحة ؛
_c24 سم
336 _aنص
_btxt
_2rdacontent
_3كتاب
337 _aبدون وسيط
_bn
_2rdamedia
338 _aمجلد
_bnc
_2rdacarrier
650 7 _aالشعر الديني
_2aucsh
700 1 _aخفاجي، محمد عبد المنعم،
_d1915-2006
_eمحقق.
942 _2ddc
_cBOOK
_n0
949 _aSA-JeALM
_d250830
_umohamedma123
_n1
999 _c11336
_d11336